| 000 | 01030nam a22003137a 4500 | ||
|---|---|---|---|
| 003 | CHAP | ||
| 005 | 20220329133843.0 | ||
| 008 | 971013s1975 r 00010 d | ||
| 010 | _a11815 | ||
| 011 | _a12787 | ||
| 035 | _a16412 | ||
| 040 | _cCHAP | ||
| 090 | _aFolleto 6716 | ||
| 110 | 1 |
_aMéxico. Dirección General de Organización Ejidal _977019 |
|
| 245 | 1 | _aPolítica y reforma agraria | |
| 260 |
_aMéxico, D. F. : _bLa Dirección, _c1975 |
||
| 300 | _a125 p. | ||
| 590 |
_aBATCH-UPD _b10 _c20130110 _lUCH01 _h0952 |
||
| 590 |
_aBATCH-UPD _b10 _c20130410 _lUCH01 _h0606 |
||
| 590 |
_aBATCH-UPD _b10 _c20130914 _lUCH01 _h1957 |
||
| 590 |
_aCONVERSION _b10 _c20130109 _lUCH01 _h1308 |
||
| 650 | 1 | 4 |
_aReforma agraria _xHistoria _zMéxico. _995554 |
| 650 | 1 | 4 |
_aTierras _xTenencia _zMéxico. _9113215 |
| 901 | _aBK | ||
| 942 | _cFOLL | ||
| 949 |
_aFolleto 6716 _bBC _cFOLL _d-147977 _eTS1 _i16412 _si |
||
| 949 |
_aFolleto 6716 _bBC _cFOLL _d-147978 _eTS2 _fc.2 _i16412 _si |
||
| 949 |
_aFolleto 6716 _bBC _cFOLL _d-147979 _eTS2 _fc.3 _i16412 _si |
||
| 999 |
_c11815 _d11815 |
||